Galerie pittoresque d'histoire naturelle / (Record no. 154209)
[ view plain ]
| 000 -LEADER | |
|---|---|
| campo de control de longitud fija | 00952nam a2200229 i 4500 |
| 001 - NÚMERO DE CONTROL | |
| campo de control | 154209 |
| 003 - IDENTIFICADOR DE NÚMERO DE CONTROL | |
| campo de control | ES-MaACL |
| 005 - FECHA Y HORA DE LA ÚLTIMA TRANSACCIÓN | |
| campo de control | 20251003180424.0 |
| 008 - DATOS DE LONGITUD FIJA--INFORMACIÓN GENERAL | |
| campo de control de longitud fija | 051017s1837 fr af | |||||||| ||fre d |
| 040 ## - FUENTE DE CATALOGACIÓN | |
| Centro catalogador/agencia de origen | CAM |
| Lengua de catalogación | spa |
| Centro/agencia transcriptor | CAM |
| 245 00 - MENCIÓN DEL TÍTULO | |
| Título | Galerie pittoresque d'histoire naturelle / |
| Mención de responsabilidad, etc. | dessinée et gravée par Andrew, Best, Leloir et Susemihl ; précédée d'un cours élementaire de'histoire naturelle par M. Boitard. |
| 250 ## - MENCION DE EDICION | |
| Mención de edición | 2e éd. |
| 260 ## - PUBLICACIÓN, DISTRIBUCIÓN, ETC. | |
| Lugar de publicación, distribución, etc. | Paris : |
| Nombre del editor, distribuidor, etc. | Gayet et Lebrun, |
| Fecha de publicación, distribución, etc. | 1837 ( |
| Fabricante | Imprimerie de E. Duverger) |
| 300 ## - DESCRIPCIÓN FÍSICA | |
| Extensión | 48 p., [76] h. de lám. ; |
| Dimensiones | 28 cm. |
| 650 #4 - PUNTO DE ACCESO ADICIONAL DE MATERIA--TÉRMINO DE MATERIA | |
| Término de materia o nombre geográfico como elemento de entrada | Zoología- |
| Subdivisión de forma | Obras ilustradas. |
| 9 (RLIN) | 146318 |
| 700 1# - ENTRADA AGREGADA--NOMBRE PERSONAL | |
| Nombre de persona | Boitard, Pierre, |
| Fechas asociadas al nombre | 1789-1859 |
| 9 (RLIN) | 146312 |
| 700 1# - ENTRADA AGREGADA--NOMBRE PERSONAL | |
| Nombre de persona | Leloir, Jean-Baptiste Auguste, |
| Fechas asociadas al nombre | 1809-1892 |
| 9 (RLIN) | 146313 |
| 700 1# - ENTRADA AGREGADA--NOMBRE PERSONAL | |
| Nombre de persona | Best ( |
| Fechas asociadas al nombre | 18..-18.. ; graveur sur bois) |
| 9 (RLIN) | 146314 |
| 700 1# - ENTRADA AGREGADA--NOMBRE PERSONAL | |
| Nombre de persona | Andrew ( |
| Fechas asociadas al nombre | 18..-18.. ; graveur sur bois) |
| 9 (RLIN) | 146316 |
| 852 ## - LOCALIZACIÓN | |
| Ubicación | ES-MaACL |
| Número de control de estantería | G-6547 |
| Nota libre | - Enc. ed. cart. |
| Estatus retirado | Estado de pérdida | Estado de daño | No para préstamo | Colección | Biblioteca de origen | Biblioteca actual | Ubicación en estantería | Fecha de adquisición | Fuente de adquisición | Total de préstamos | Signatura topográfica completa | Código de barras | Visto por última vez | Precio de reemplazo | Tipo de ítem Koha |
|---|---|---|---|---|---|---|---|---|---|---|---|---|---|---|---|
| Libros del s. XIX | Biblioteca del Ateneo de Madrid | Biblioteca del Ateneo de Madrid | Depósito 2 | 17/01/2008 | G-6547 | 1161250 | 23/02/2023 | 23/02/2023 | Libro impreso antiguo |
